| 000 | 00451 a2200169 4500 | ||
|---|---|---|---|
| 999 |
_c11360 _d11360 |
||
| 003 | OSt | ||
| 005 | 20230309102517.0 | ||
| 008 | 230309b ||||| |||| 00| 0 eng d | ||
| 020 | _a978-8120835252 | ||
| 082 |
_a722.44 _bDAG |
||
| 100 | _aBruno Dagens | ||
| 245 | _aMayamata: an indian treatise on housing architecture and iconography | ||
| 250 | _a2nd ed. | ||
| 260 |
_bNew age books Publishers _aNew Delhi _c2017 |
||
| 300 | _a389p.; | ||
| 942 | _2ddc | ||